书目信息 |
| 题名: |
元古宙
|
|
| 作者: | ;李波 , 丁丁虫 译 ;日本朝日新闻出版 著 | |
| 分册: | ||
| 出版信息: | 北京 人民文学出版社 2020.09 |
|
| 页数: | 101页 | |
| 开本: | 30cm | |
| 丛书名: | ||
| 单 册: | ||
| 中图分类: | P534.3-49 | |
| 科图分类: | ||
| 主题词: | 元古宙--yuan gu zhou--普及读物 | |
| 电子资源: | ||
| ISBN: | 978-7-02-016108-9 | |
| 000 | 01216nam0 2200289 450 | |
| 001 | 0106081854 | |
| 005 | 20201106082046.0 | |
| 010 | @a978-7-02-016108-9@dCNY88.00 | |
| 100 | @a20200928d2020 em y0chiy50 ea | |
| 101 | 1 | @achi@cjpn |
| 102 | @aCN@b110000 | |
| 105 | @aab z 000yy | |
| 106 | @ar | |
| 200 | 1 | @a元古宙@Ayuan gu zhou@f日本朝日新闻出版著@g李波, 丁丁虫译 |
| 210 | @a北京@c人民文学出版社@d2020.09 | |
| 215 | @a101页@c图,照片,地图@d30cm | |
| 300 | @a46亿年的奇迹:地球简史99读书人 | |
| 312 | @a封面其他题名信息:25亿年前-5亿4100万年前 | |
| 330 | @a本书从大氧化事件开始,为我们讲述了真核生物的诞生、为生命提供重要防护的臭氧层的出现、超级大陆的聚合与分离、生物的多细胞化等地球演化史的重要节点。但威胁生命的时代也在悄然来临,那就是全球冰冻时代,这一罕见的气候变化对地球又意味着什么呢,让我们一起来探寻元古宙地球的各种神奇变动吧。 | |
| 517 | 1 | @a25亿年前-5亿4100万年前@A25 yi nian qian-5 yi 4100 wan nian qian |
| 606 | 0 | @a元古宙@Ayuan gu zhou@j普及读物 |
| 690 | @aP534.3-49@v5 | |
| 702 | 0 | @a李波@Ali bo@4译 |
| 702 | 0 | @a丁丁虫@Ading ding chong@4译 |
| 711 | 02 | @a日本朝日新闻出版@Ari ben zhao ri xin wen chu ban@4著 |
| 801 | 0 | @aCN@bBJSZM@c20201106 |
| 905 | @b1193560-3@dP534.3-49@e154@f4 | |
| 元古宙/日本朝日新闻出版著/李波, 丁丁虫译.-北京:人民文学出版社,2020.09 |
| 101页:图,照片,地图;30cm |
| 46亿年的奇迹:地球简史99读书人 |
| ISBN 978-7-02-016108-9:CNY88.00 |
| 本书从大氧化事件开始,为我们讲述了真核生物的诞生、为生命提供重要防护的臭氧层的出现、超级大陆的聚合与分离、生物的多细胞化等地球演化史的重要节点。但威胁生命的时代也在悄然来临,那就是全球冰冻时代,这一罕见的气候变化对地球又意味着什么呢,让我们一起来探寻元古宙地球的各种神奇变动吧。 |
| ● |
| 相关链接 |
|
|
|
|
正题名:元古宙
索取号:P534.3-49/154
 
预约/预借
| 序号 | 登录号 | 条形码 | 馆藏地/架位号 | 状态 | 备注 |
| 1 | 1193560 | 211935600 | 第二样本阅览室/ [索取号:P534.3-49/154] | 在馆 | |
| 2 | 1193561 | 211935619 | 第三借阅区/ [索取号:P534.3-49/154] | 在馆 | |
| 3 | 1193562 | 211935628 | 第三借阅区/ [索取号:P534.3-49/154] | 在馆 | |
| 4 | 1193563 | 211935637 | 第三借阅区/ [索取号:P534.3-49/154] | 在馆 |